000 00924cam a22002414a 4500
001 11869910
005 20180205070225.0
008 991216s2000 dcua bf 001 0 eng
010 _a 99087407
020 _a1557986444 (alk. paper)
040 _aDLC
_cDLC
_dDLC
041 _aeng
042 _apcc
080 _a617.03019 FRA
082 0 0 _a617.03019 FRA
_221
100 _a48
101 _aPSI
245 0 0 _aHandbook of rehabilitation psychology /
_cedited by Robert G. Frank and Timothy R. Elliott.
504 _aIncludes bibliographical references and indexes.
906 _a7
_bcbc
_corignew
_d1
_eocip
_f19
_gy-gencatlg
942 _2ddc
_cBK
999 _c41746
_d41746